000 00588nam a22002177a 4500
005 20170124110127.0
010 _a510583
020 _c00.00
_a0002110504
035 _a510583
037 _bCen Lib/Ret
040 _aDPL
_bEN
082 _aN
_bPOR
100 _aPortis, Charles
_931672
245 _aTrue grit :
_cby Charles Porits
_ba novel /
260 _aNew York
_bSimon and Schuster
_c1968
270 _bNew York
_arockefeller center, 630 fifth avenue
300 _a223p.
_c19cm(Hb)
650 _aLiterature
_96262
650 _aNovel
_922513
942 _2ddc
_cEN
_hN
_mPOR
999 _c131402
_d131402